Les joueurs avec le plus grand nombre de triplé au 21eme siècle - Statistiques

Statistiques générales
  • Ce quiz a été pris 361 fois
  • Le résultat moyen est 13 sur 20
Statistiques - réponses
Rang Nationalité Joueur Triplé % Correct
1 Portugal Cristiano Ronaldo 62
100%
2 Argentine Lionel Messi 57
100%
4 Uruguay Luis Suarez 29
97%
6 Norvege Erling Haaland 18
96%
3 Pologne Robert Lewandowski 31
95%
5 Suede Zlatan Ibrahimovic 20
95%
13 France Kylian Mbappe 14
93%
7 Angleterre Harry Kane 18
91%
11 Bresil Neymar 16
86%
12 Uruguay Edinson Cavani 15
82%
14 France Karim Benzema 13
81%
17 Gabon Pierre - Aymeric Aubameyang 12
76%
19 France Thierry Henry 12
62%
9 Argentine Sergio Aguero 18
61%
15 Argentine Gonzalo Higuain 13
43%
20 Espagne Raul 11
34%
8 Allemagne Mario Gomez 18
30%
16 Paraguay Oscar Cardozo 12
5%
10 Pays-Bas Klaas-Jan Hunterlaar 18
2%
18 Espagne Roberto Soldado 12
2%
Aucun quiz correspondant
Distribution des résultats
% des personnes avec chaque résultat
Percentile par nombre de réponses
Votre historique - résultats
Vous n’avez pas pris ce quiz